000 00830nam a2200265 c 4500
003 BLK
005 20180420221111.0
008 180408b bul|||||r ||||||| ||bul||
010 _aKNG00042176000
040 _aBLK
041 _aBUL
_cBUL
080 _aБългарска литература
_b821.163.2
_x-4.1
_z821.163.2-4.1
100 1 _aЯнчева, Наташа
_eпърви автор
_9276336
139 _aЯнчева, Наташа
_bЯ 71
245 1 0 _aКъде да се завърна
_bОчерци
_cНаташа Янчева.
257 _aBGR
260 София
_bПрофиздат
_c1988
300 _a111 с.
_c20 см
380 _aX
852 _aЦб 155545
856 4 _qpdf
_u
856 4 _qpdf
_u
942 _cKNG
_n0
944 _aCR
_c23.11.2017
_kНора_Радева
944 _aED
_c23.11.2017
_kНора_Радева
999 _c38905
_d38905